000 06043cam a22004577i 4500
001 20680246
003 ASAB
005 20260101120117.0
008 180924t20182018enka b 001 0 eng d
010 _a 2018302801
020 _a9780128046593
_qalk. paper
020 _a0128046597
_qalk. paper
035 _a20680246
035 _a(OCoLC)960895689
040 _aYDX
_beng
_cYDX
_erda
_dBDX
_dOCLCQ
_dBTCTA
_dLTSCA
_dSOI
_dOCLCF
_dDLC
042 _alccopycat
050 0 0 _aQD79.C45
_bO45 2018
082 _a660.6
245 0 0 _aOmics technologies and bio-engineering :
_btowards improving quality of life /
_cedited by Debmalya Barh (Institute of Integrative Omics and Applied Biotechnology (IIOBAB), Nonakuri, Purba Medinipur, India, Laboratório de Genética Celular e Molecular, Departamento de Biologia Geral, Instituto de Ciẽncias Biológicas (ICB), Federal University of Minas Gerais, Belo Horizonte, Minas Gerais, Brazil), Vasco Azevedo (Laboratório de Genética Celular e Molecular, Departamento de Biologia Geral, Instituto de Ciẽncias Biológicas (ICB), Federal University of Minas Gerais, Belo Horizonte, Minas Gerais, Brazil).
264 1 _aLondon, United Kingdom ;
_aSan Diego, CA, United States :
_bAcademic Press,
_c[2018]
264 4 _c©2018
300 _axvii, 625 pages :
_billustrations ;
_c25 cm
336 _atext
_btxt
_2rdacontent
337 _aunmediated
_bn
_2rdamedia
338 _avolume
_bnc
_2rdacarrier
490 1 _aEmerging fields, animal and medical biotechnologies ;
_vvolume 1
504 _aIncludes bibliographical references and index.
505 0 _aOverview and principles of bioengineering: the drivers of Omics technologies / Dinesh Yadav, Aiman Tanveer, Neha Malviya and Sangeeta Yadav -- Omics approaches towards transforming personalized medicine / Dipali Dhawan -- Omics approaches in marine biotechnology: the treasure of ocean for human betterments / Fatima Abid, Muhammad A. Zahid, Zain U. Abedin, Syed B. Nizami, Muhammad J. Abid, Sayyada Z. Hassan Kazmi, Sami U. Khan, Humna Hasan, Mohsin Ali and Alvina Gul -- Synthetic biology: overview and applications / Rohini Keshava, Rohan Mitra, Mohan L. Gope and Rajalakshmi Gope -- Reverse engineering and its applications / Attya Bhatti, Nida A. Syed and Peter John -- Omics approaches in forensic biotechnology: looking for ancestry to offence / Syed B. Nizami, Sayyada Z. Hassan Kazmi, Fatima Abid, Mustafeez M. Babar, Aneeqa Noor, Najam-Us-Sahar S. Zaidi, Sami U. Khan, Humna Hasan, Mohsin Ali and Alvina Gul -- Biotechnology and bioengineering in astrobiology: towards a new habitat for us / Sameen R. Imadi, Mustafeez M. Babar, Sami U. Khan, Humna Hasan, Mohsin Ali and Alvina Gul -- Lab-on-a-chip technology and its applications / Burak Yilmaz and Fazilet Yilmaz -- Robotics and high-throughput techniques / Humna Hasan, Muhammad Hassan Safdar, Sana Zahid, Maria Bibi and Alvina Gul -- 3D printing technologies and their applications in biomedical science / Syeda M. Bakhtiar, Hina A. Butt, Shuja Zeb, Darrak M. Quddusi, Saima Gul and Erum Dilshad -- Next-generation sequencing and data analysis: strategies, tools, pipelines and protocols / Pablo H.C.G. De Sá, Luis C. Guimarães, Diego A. Das Graças, Adonney A. De Oliveira Veras, Debmalya Barh, Vasco Azevedo, Artur L. Da Costa Da Silva and Rommel T.J. Ramos -- Computational techniques in data integration and big data handling in Omics / Adonney A. De Oliveira Veras, Pablo H.C.G. De Sá, Kenny Da Costa Pinheiro, Debmalya Barh, Vasco Azevedo, Rommel Thiago Jucá Ramos and Artur L. Da Costa Da Silva -- Bioinformatics and systems biology in bioengineering / Joseph J. Nalluri, Debmalya Barh, Vasco Azevedo and Preetam Ghosh -- Techniques for nucleic acid engineering: the foundation of gene manipulation / Şükrü Tüzmen, Yasemin Baskin, Ayşe Feyda Nursal, Serpil Eraslan, Yağmur Esemen, Gizem Çalibaşi, Ayşe Banu Demir, Duygu Abbasoğlu and Candan Hizel -- Techniques for protein analysis / Gülay Büyükköroğlu, Devrim Demir Dora, Filiz Özdemir and Candan Hizel -- Engineering monoclonal antibodies: production and applications / Gülay Büyükköroğlu and Behiye Şenel -- Cell and tissue culture: the base of biotechnology / Onur Uysal, Tugba Sevimli, Murat Sevimli, Sibel Gunes and Ayla Eker Sariboyaci -- In Vitro and In Vivo animal models: the engineering towards understanding human diseases and therapeutic interventions / Azka Khan, Kinza Waqar, Adeena Shafique, Rija Irfan and Alvina Gul -- Medical biotechnology: techniques and applications / Phuc V. Pham -- Tissue engineering: towards development of regenerative and transplant medicine / Mustafa S. Elitok, Esra Gunduz, Hacer E. Gurses and Mehmet Gunduz -- Therapeutic aspects of stem cells in regenerative medicine / Alok Mishra and Mukesh Verma -- Genetic engineering: towards gene therapy and molecular medicine / Shailendra Dwivedi, Purvi Purohit, Yogesh Mittal, Garima Gupta, Apul Goel, Rakesh C. Verma, Sanjay Khattri, Praveen Sharma, Sanjeev Misra and Kamlesh K. Pant -- Biotechnology for biomarkers: towards prediction, screening, diagnosis, prognosis, and therapy / Dipali Dhawan -- Omics approaches in In Vitro fertilization / Aiman Tanveer, Neha Malviya and Dinesh Yadav -- Safety and ethics in biotechnology and bioengineering: what to follow and what not to / Anjana Munshi and Vandana Sharma.
650 0 _aGas chromatography.
_96349
650 0 _aMass spectrometry.
_9845
650 0 _aEnvironmental chemistry
_xTechnique.
_9132675
650 7 _aEnvironmental chemistry
_xTechnique.
_2fast
_0(OCoLC)fst00912876
_9132675
650 7 _aGas chromatography.
_2fast
_0(OCoLC)fst00938168
_96349
650 7 _aMass spectrometry.
_2fast
_0(OCoLC)fst01011435
_9845
700 1 _aBarh, Debmalya,
_eeditor.
_9132676
700 1 _aAzevedo, Vasco,
_eeditor.
_9132677
830 0 _aEmerging fields, animal and medical biotechnologies ;
_vv. 1.
_9132678
906 _a7
_bcbc
_ccopycat
_d2
_encip
_f20
_gy-gencatlg
942 _2ddc
_cBK
999 _c615755
_d615755